U.S. Japaness competition in the semiconductor industry

שמור ב:
מידע ביבליוגרפי
מחבר ראשי: Borrus, Michael
פורמט: ספר
שפה:Undetermined
יצא לאור: Berkeley Institute of International Studies 1955
נושאים:
תגים: הוספת תג
אין תגיות, היה/י הראשונ/ה לתייג את הרשומה!
Thư viện lưu trữ: Trung tâm Học liệu Trường Đại học Cần Thơ
LEADER 00522nam a2200181Ia 4500
001 CTU_98788
008 210402s9999 xx 000 0 und d
082 |a 338 
082 |b B737 
100 |a Borrus, Michael 
245 0 |a U.S. Japaness competition in the semiconductor industry 
245 0 |c Michael Borrus 
260 |a Berkeley 
260 |b Institute of International Studies 
260 |c 1955 
650 |a Semiconductor industry 
904 |i Tuyến 
980 |a Trung tâm Học liệu Trường Đại học Cần Thơ